Promenades archeologiques en Espagne / (Record no. 116120)

MARC details
000 -LEADER
campo de control de longitud fija 01057nam a2200241 4500
001 - NÚMERO DE CONTROL
campo de control 116120
003 - IDENTIFICADOR DE NÚMERO DE CONTROL
campo de control ES-MaACL
005 - FECHA Y HORA DE LA ÚLTIMA TRANSACCIÓN
campo de control 20251210134307.0
007 - CAMPO FIJO DE DESCRIPCIÓN FÍSICA--INFORMACIÓN GENERAL
campo de control de longitud fija t|
008 - DATOS DE LONGITUD FIJA--INFORMACIÓN GENERAL
campo de control de longitud fija 061121m19101921fr r ||||1| fre d
100 1# - ENTRADA PRINCIPAL--NOMBRE DE PERSONA
Nombre de persona Paris, Pierre.
9 (RLIN) 89141
245 10 - MENCIÓN DEL TÍTULO
Título Promenades archeologiques en Espagne /
Mención de responsabilidad, etc. Pierre Paris.
260 ## - PUBLICACIÓN, DISTRIBUCIÓN, ETC.
Lugar de publicación, distribución, etc. Paris :
Nombre del editor, distribuidor, etc. Ernest Leroux,
Fecha de publicación, distribución, etc. 1910-1921.
300 ## - DESCRIPCIÓN FÍSICA
Extensión 2 v. :
Otras características físicas il. ;
Dimensiones 19 cm.
505 8# - NOTA DE CONTENIDO CON FORMATO
Nota de contenido con formato Contiene: I. Altamira ; Le Cerro de los Santos ; Elche ; Carmona : Osuna ; Numance ; Tarragone - II. Antequera ; Alpera et Meca ; Emporium Sagonte ; Mérida ; Bolonia ; Le Palais de Liria á Madrid.
530 ## - NOTA DISPONIBLE DE FORMULARIO FÍSICO ADICIONAL
Nota de formato físico adicional disponible Disponible en formato digital.
651 #4 - PUNTO DE ACCESO ADICIONAL DE MATERIA--NOMBRE GEOGRÁFICO
Nombre geográfico España-
Subdivisión general Restos arqueológicos.
9 (RLIN) 8485
852 ## - LOCALIZACIÓN
Ubicación ES-MaACL
Número de control de estantería F-9775-76
Ubicación en estantería Sala Pecera Planta 2
856 4# - LOCALIZACIÓN Y ACCESO ELECTRÓNICOS
Identificador Uniforme de Recursos <a href="http://www.bibliotecavirtualdeandalucia.es/catalogo/es/consulta/registro.do?id=1040267">http://www.bibliotecavirtualdeandalucia.es/catalogo/es/consulta/registro.do?id=1040267</a>
Texto de enlace (Biblioteca Virtual de Andalucía)
856 4# - LOCALIZACIÓN Y ACCESO ELECTRÓNICOS
Identificador Uniforme de Recursos <a href="http://bdh-rd.bne.es/viewer.vm?id=0000191135&page=1 ">http://bdh-rd.bne.es/viewer.vm?id=0000191135&page=1 </a>
Nota pública (V. 1)
Texto de enlace (Biblioteca Digital Hispánica )
942 ## - ELEMENTOS DE ENTRADA SECUNDARIOS (KOHA)
Fuente del sistema de clasificación o colocación Clasificación decimal universal
Holdings
Estatus retirado Estado de pérdida Estado de daño No para préstamo Colección Biblioteca de origen Biblioteca actual Ubicación en estantería Fecha de adquisición Fuente de adquisición Total de préstamos Signatura topográfica completa Código de barras Visto por última vez Precio de reemplazo Tipo de ítem Koha
        Colección digital Biblioteca del Ateneo de Madrid Biblioteca del Ateneo de Madrid Sala Pecera Planta 2 17/01/2008     F-9775-76 1121091 23/02/2023 23/02/2023 Libro impreso